[Event "Nova Gorica op-B 14th"]
[Site "Nova Gorica"]
[Date "2009.02.06"]
[Round "8"]
[White "Gratton, Damjan"]
[Black "Asanin, Svarun"]
[Result "1-0"]
[WhiteElo "1731"]
[BlackElo "1500"]
[PlyCount "67"]
[EventDate "2009.01.31"]
[EventType "swiss"]
[EventRounds "9"]
[EventCountry "SLO"]
[SourceTitle "EXT 2011"]
[Source "ChessBase"]
[SourceDate "2010.11.26"]
[SourceVersion "1"]
[SourceVersionDate "2010.11.26"]
[SourceQuality "1"]

1. e4 e5 2. Nf3 Nc6 3. Bb5 Nf6 4. 0-0 Bc5 5. Qe2 0-0 6. c3 d6 7. h3 Bd7 8. Rd1 a6 9. Ba4 Qe7 10. d3 Qe6 11. Bb3 Qe7 12. Bg5 h6 13. Be3 Bxe3 14. Qxe3 Be6 15. Bc2 d5 16. Nbd2 Rad8 17. d4 dxe4 18. Nxe4 Nxe4 19. Qxe4 f5 20. Qe3 exd4 21. cxd4 Rf6 22. Rd2 Rg6 23. Re1 Rd7 24. Qf4 Qd6 25. Ne5 Nxe5 26. Rxe5 c5 27. d5 Bf7 28. Qxf5 Re7 29. Rde2 Rxe5 30. Rxe5 Rg5 31. Qc8+ Qf8 32. Bh7+ Kxh7 33. Qxf8 Rxe5 34. Qxf7 1-0

[Event "Nova Gorica op-B 14th"]
[Site "Nova Gorica"]
[Date "2009.02.05"]
[Round "7"]
[White "Stolfa, Rodolfo"]
[Black "Gratton, Damjan"]
[Result "1-0"]
[WhiteElo "1914"]
[BlackElo "1731"]
[PlyCount "107"]
[EventDate "2009.01.31"]
[EventType "swiss"]
[EventRounds "9"]
[EventCountry "SLO"]
[SourceTitle "EXT 2011"]
[Source "ChessBase"]
[SourceDate "2010.11.26"]
[SourceVersion "1"]
[SourceVersionDate "2010.11.26"]
[SourceQuality "1"]

1. d4 d5 2. c4 c6 3. cxd5 cxd5 4. Nf3 Nf6 5. Nc3 e6 6. Bg5 Be7 7. e3 0-0 8. Bd3 Nbd7 9. 0-0 h6 10. Bh4 Re8 11. Rc1 a6 12. h3 b5 13. a3 Bb7 14. Qb3 Nf8 15. Nxb5 axb5 16. Bxb5 Ba6 17. Bg3 Qb6 18. a4 Bxb5 19. Bc7 Qb7 20. axb5 Ne4 21. b6 Rec8 22. Qb5 Nd6 23. Qc6 Qxc6 24. Rxc6 Nb7 25. Ne5 f6 26. Nd3 Kf7 27. b4 Ra3 28. Nc5 Bxc5 29. Rxc5 Nd7 30. Rcc1 Ke8 31. Ra1 Rca8 32. Rac1 Nf8 33. Bg3 Nd7 34. Rc7 Nd8 35. b7 Rb8 36. Rxd7 Rxb7 37. Rxb7 Nxb7 38. Rb1 Kd7 39. b5 Nd8 40. Rc1 Ra7 41. b6 Rb7 42. Bc7 Nc6 43. Ra1 e5 44. dxe5 fxe5 45. Ra8 Rxc7 46. bxc7 Kxc7 47. Rg8 g5 48. Rg6 Kb6 49. Rxh6 Kc5 50. Rh5 d4 51. exd4+ exd4 52. Rxg5+ Kc4 53. Kf1 d3 54. Ke1 1-0